Патентное право по Гражданскому кодексу Российской Федерации. Постатейный комментарий, практика применения, размышления

গ্রন্থ-পঞ্জীর বিবরন
প্রধান লেখক: Джермакян В. Ю. Валерий Юрьевич
সংক্ষিপ্ত:Комментарий норм патентного права в редакции федерального закона Российской Федерации от 12 марта 2014 г. № 35-ФЗ основан на разъяснениях Вы­сшего Арбитражного суда и Верховного Суда Российской Федерации, решениях арбитражных и гражданских судов, нормативных актах Роспатента. Проанали­зированы актуальные теоретические и практические вопросы охраны и защиты изобретений, полезных моделей и промышленных образцов, прокомментирова­ны практика применения и причины изменения законодательства.Для патентоведов, патентных поверенных, экспертов, изобретателей, юрис­тов, а также судей, рассматривающих споры в отношении объектов патентно­го права.
ভাষা:রুশ
প্রকাশিত: Москва, Патент, 2014
সংস্করন:3-е изд., перераб. и доп.
বিষয়গুলি:
বিন্যাস: গ্রন্থ
KOHA link:https://koha.lib.tpu.ru/cgi-bin/koha/opac-detail.pl?biblionumber=283337

MARC

LEADER 00000nam0a2200000 4500
001 283337
005 20231101235604.0
010 |a 9785918081235 
035 |a (RuTPU)RU\TPU\book\307400 
035 |a RU\TPU\book\174968 
090 |a 283337 
100 |a 20090608d2014 k y0rusy50 ca 
101 0 |a rus 
102 |a RU 
105 |a y n 000zy 
200 1 |a Патентное право по Гражданскому кодексу Российской Федерации. Постатейный комментарий, практика применения, размышления  |f В. Ю. Джермакян 
205 |a 3-е изд., перераб. и доп. 
210 |a Москва  |c Патент  |d 2014 
215 |a 592 с. 
330 |a Комментарий норм патентного права в редакции федерального закона Российской Федерации от 12 марта 2014 г. № 35-ФЗ основан на разъяснениях Вы­сшего Арбитражного суда и Верховного Суда Российской Федерации, решениях арбитражных и гражданских судов, нормативных актах Роспатента. Проанали­зированы актуальные теоретические и практические вопросы охраны и защиты изобретений, полезных моделей и промышленных образцов, прокомментирова­ны практика применения и причины изменения законодательства.Для патентоведов, патентных поверенных, экспертов, изобретателей, юрис­тов, а также судей, рассматривающих споры в отношении объектов патентно­го права. 
606 1 |a Патентное право  |2 stltpush  |3 (RuTPU)RU\TPU\subj\67500  |9 83275 
606 1 |a Авторское право  |2 stltpush  |3 (RuTPU)RU\TPU\subj\1355  |9 30139 
610 1 |a право 
610 1 |a гражданское право 
610 1 |a Российская Федерация 
610 1 |a патенты 
610 1 |a комментарии 
610 1 |a патентная система 
610 1 |a изобретательская деятельность 
610 1 |a патентные права 
610 1 |a изобретения 
610 1 |a полезные модели 
610 1 |a лицензии 
610 1 |a заявки 
610 1 |a экспертиза 
610 1 |a защита прав 
686 |a Х623.3  |v LBC/SL-A  |2 rubbk 
686 |a Х623.4  |v LBC/SL-A  |2 rubbk 
700 1 |a Джермакян  |b В. Ю.  |g Валерий Юрьевич 
801 1 |a RU  |b 63413507  |c 20150206 
801 2 |a RU  |b 63413507  |c 20150518  |g RCR 
900 |a Патентование и лицензирование 
942 |c BK 
959 |a 15/20150206  |d 1  |e 2900,00  |f ЧЗКДП:1